000 00938nas a2200325 4500
001 BR0502744
003 BR-BrBNA
005 20231205105422.0
007 ta
008 230509b bl.|||p| |||| 00| 00por d
040 _aBR-BrBNA
_bpor
_cBiblioteca Nacional de Agricultura
041 _a(Pt)
072 _aQ03; Q04
100 1 _aBorgo, L.A.
100 1 _aAraújo, W.M.C.
245 1 _aMecanismos dos processos de oxidação lipídica
650 _aLIPÍDIO
650 _aOXIDAÇÃO
650 _aRANCIFICAÇÃO
650 _aHIDRÓLISE
650 _aTECNOLOGIA DE ALIMENTO
650 _aARMAZENAMENTO DE ALIMENTO
650 _aTEMPERATURA
650 _aFOTOSSENSIBILIDADE
650 _aTOXICOLOGIA DE ALIMENTO
650 _aANÁLISE QUÍMICA
773 0 _tHigiene Alimentar (Brazil)
_xISSN 0101-9171
_g(Apr 2005), v. 19(130) p. 50-58
_wBR0502744
909 _a202311
_bLúcia
_c55
_dLúcia Elande
942 _2AGRIS
_n0
_cANA
999 _c182872
_d182872